000
00209 a2200097 4500
001
1469
100
_a
Jennings, R.F
245
_a
Gao & AC are welding & cutting
260
_a
_b
Mcknight
_c
090
_c
1012
_d
1012
942
_a
NUST-CAE
_c
M
_c
137
999
_c
236542
_d
236542